|
|
|
|
| LEADER |
00748nam a22002172a 4500 |
| 001 |
001357759 |
| 003 |
CZ BrMZK |
| 005 |
20140327092355.0 |
| 007 |
ta |
| 008 |
140107s1961 gw er|||||||||||ger d |
| 040 |
|
|
|a BOA001
|b cze
|
| 100 |
1 |
|
|a Schmidt, Ernst Eberhard,
|d 1929-
|7 mzk2014813921
|4 dis
|
| 245 |
1 |
4 |
|a Die "Analytische Gesellungslehre" von Max Graf Solms :
|b Versuch einer kritischen Wuerdigung /
|c Ernst Eberhard Schmidt
|
| 260 |
|
|
|a Stuttgart :
|b E. E. Schmidt,
|c 1961
|
| 300 |
|
|
|a 102 s.
|
| 502 |
|
|
|a Disertace--Universität Stuttgart, 1961
|
| 710 |
2 |
|
|a Universität Stuttgart
|7 mzk2004216334
|
| 910 |
|
|
|a BOA001
|b 2-0517.333
|
| 990 |
|
|
|a BK
|
| 991 |
|
|
|b 201401
|
| 996 |
7 |
|
|b 2619045540
|c 2-0517.333
|l HP2
|r DEN
|n 0
|w 001392306
|u 000010
|a 1
|e BOA001
|j MZK50
|s A
|